| 000 | 00607nam a2200205 u 4500 | ||
|---|---|---|---|
| 005 | 20230310063616.0 | ||
| 008 | 100615s2008 mx r 000 0 spa d | ||
| 020 | _a9788496867321 | ||
| 035 | _aUPN01000176544 | ||
| 049 | _aCG | ||
| 050 | 4 |
_aPR6118 O2.5 _bE4.3 |
|
| 100 | 1 |
_aRobinson, Ray, _d1971- _930426 |
|
| 245 | 1 | 0 |
_aElectricidad / _cRay Robinson ; tr. Isabel Vericat. |
| 260 |
_aMéxico : _bUNAM, Difusión Cultural : _bSexto Piso, _c2008. |
||
| 300 | _a350 p. | ||
| 440 | 0 |
_aNarrativa. _pLiteratura |
|
| 534 |
_pTítulo original: _tElectricity |
||
| 650 | 4 |
_aNovela inglesa _94471 |
|
| 905 | _aLibro | ||
| 999 |
_c148647 _d148647 |
||